Morella o el tiempo detenido / por Jaime Castell
Publicado:
San Jorge, núm. 72 ( 4t trimestre 1968), pàg 38 - 43 :
Materias:
Morella (País Valencià) -- Història
MARC
| LEADER | 00000nam a2200000Ia 4500 | ||
|---|---|---|---|
| 001 | |||
| 008 | 160829s9999 xx 000 0 cat d | ||
| 100 | |a Castell, Jaume |9 33703 | ||
| 245 | |a Morella o el tiempo detenido / por Jaime Castell | ||
| 260 | |a San Jorge, núm. 72 ( 4t trimestre 1968), pàg 38 - 43 | ||
| 650 | 0 | |a Morella (País Valencià) |x Història |9 40282 | |
| 901 | |a Arxiu | ||
| 942 | |n 1 | ||
| 952 | |0 0 |1 0 |4 0 |7 1 |9 49545 |a Arxiu |b Arxiu |d 2016-12-01 |l 0 |r 2016-12-01 00:00:00 |w 2016-12-01 |y ARXIU | ||
| 999 | |c 53387 |d 53387 | ||